World since 1914 (Record no. 551957)

000 -LEADER
fixed length control field 00674cam a22001811 4500
082 ## - DEWEY DECIMAL CLASSIFICATION NUMBER
Classification number 909.821
Author Mark LAN
-- L-27, P-14
100 1# - MAIN ENTRY--PERSONAL NAME
Personal name Landman, Jacob Henry.
9 (RLIN) 49130
245 10 - TITLE STATEMENT
Title World since 1914
Statement of responsibility, etc. [by] J. H. Landman [and] Herbert Wender.
250 ## - EDITION STATEMENT
Edition statement 9th ed.
260 ## - PUBLICATION, DISTRIBUTION, ETC.
Place of publication, distribution, etc. New York,
Name of publisher, distributor, etc. Barnes & Noble,
Date of publication, distribution, etc. 1955.
300 ## - PHYSICAL DESCRIPTION
Extent 418 p.
Other physical details illus.
Dimensions 21 cm.
490 0# - SERIES STATEMENT
Series statement College outline4 series,
500 ## - GENERAL NOTE
General note Published in 1934 under title: Since 1914. First published in College outline series under title: An outline history of the world since 1914.
526 ## - STUDY PROGRAM INFORMATION NOTE
Program name 0
Interest level 0
Reading level 0
Title point value 909_821000000000000_LAN
650 #0 - SUBJECT ADDED ENTRY--TOPICAL TERM
Topical term or geographic name entry element History, Modern
9 (RLIN) 36713
650 #0 - SUBJECT ADDED ENTRY--TOPICAL TERM
Topical term or geographic name entry element World politics.
942 ## - ADDED ENTRY ELEMENTS (KOHA)
Source of classification or shelving scheme
Koha item type Book
Holdings
Withdrawn status Lost status Source of classification or shelving scheme Damaged status Not for loan Permanent Location Current Location Date acquired Total Checkouts Total Renewals Full call number Barcode Date last seen Date last checked out Price effective from Koha item type
          Military College of Engineering (MCE) Military College of Engineering (MCE) 01/01/2015 1 1 909.821 LAN MCE-1592 08/17/2020 03/02/2020 01/01/2015 Book
© 2023 Central Library, National University of Sciences and Technology. All Rights Reserved.